|
|
|
|
| LEADER |
00000cam a2200000 7i4500 |
| 001 |
0000005264 |
| 005 |
20151222.0 |
| 008 |
070802 |
| 020 |
|
|
|a 9832642450(set)
|
| 020 |
|
|
|a 9832642477
|
| 090 |
0 |
0 |
|a JF
|b ENG
|
| 100 |
1 |
|
|a P. N. Fasma
|
| 245 |
1 |
0 |
|a Second chance
|c P. N. Fasma
|
| 260 |
|
|
|a Kuala Lumpur :
|b Pustaka Buana ,
|c 2004
|
| 440 |
|
|
|a Cheerful novella readers
|
| 500 |
|
|
|a Children ages 10-12 years old (pink)
|
| 650 |
|
0 |
|a Junior fiction
|x English
|x Languages
|
| 999 |
|
|
|a 0000004552
|b Book
|c Children Collection
|e Cawangan Taman Universiti
|
| 999 |
|
|
|a 0000004553
|b Book
|c Children Collection
|e Cawangan Taman Universiti
|
| 999 |
|
|
|a 0000004554
|b Book
|c Children Collection
|e Cawangan Taman Universiti
|
| 999 |
|
|
|a 0000911380
|b Book
|c Teenagers
|e Cawangan Bandar Tenggara
|
| 999 |
|
|
|a 0000919307
|b Book
|c Children Collection
|e Cawangan Bukit Gambir
|
| 999 |
|
|
|a 0000919309
|b Book
|c Children Collection
|e Cawangan Bukit Gambir
|
| 999 |
|
|
|a 0000927885
|b Book
|c Children Collection
|e Cawangan Tangkak
|
| 999 |
|
|
|a 0000927886
|b Book
|c Children Collection
|e Cawangan Tangkak
|
| 999 |
|
|
|a 0000927887
|b Book
|c Children Collection
|e Cawangan Tangkak
|
| 999 |
|
|
|a 0000974942
|b Book
|c Children Collection
|e Cawangan Bukit Gambir
|
| 999 |
|
|
|a 0001051342
|b Book
|c Children Collection
|e Cawangan Bukit Gambir
|
| 999 |
|
|
|a 0001051343
|b Book
|c Children Collection
|e Cawangan Tangkak
|